Sudden Death - Kanye Songs - Statistics

General Stats
  • This quiz has been taken 30 times
  • The average score is 8 of 13
Answers on the Grid
Answers color-coded by a green-red scale on the quiz's grid according to % correct below.
Homecoming
New Tank
My Eyes
Wash us in the blood
Workout Plan
Runaway
Such Small Hands
Entombed
Good night
All the Love
Fear
So What if im a Freak?
Music is Maths
Send it Up
Paperwork
Feedback
Inside Out
Made in America
No Pole
New Day
Water
Aerodynamic
Selah
Vietnam
 
Answer Stats
Answer % Correct
Runaway
96%
Homecoming
91%
All the Love
83%
Workout Plan
74%
Water
70%
Good night
65%
New Day
61%
Selah
57%
Wash us in the blood
57%
Feedback
52%
Send it Up
52%
Made in America
43%
Paperwork
43%
No matching quizzes found
Score Distribution
Percent of People with Each Score
Percentile by Number Answered
Your Score History
You have not taken this quiz